Estadísticas para Todas las universidades de España

Haz click aquí para intentar la prueba.

Estadísticas generales

  • Esta prueba ha sido intentada 63 veces
    (55 desde el último reinicio)
  • La puntuación promedio es 72 de 147

Estadísticas de respuestas

CCAATitularidadUniversidad% Correcto
Comunidad ValencianaPúblicaUniversidad de Alicante
93%
MurciaPública-AdscritaEscuela de Negocios, Dirección y Administración de Empresas (ENAE) (Adscrita a UM/UPCT)
91%
AndalucíaPúblicaUniversidad de Sevilla
91%
MurciaPública-AdscritaISEN Centro Universitario (Adscrita a UM)
89%
MurciaPúblicaUniversidad de Murcia
89%
CataluñaPúblicaUniversidad de Barcelona
87%
CanariasPrivada-ExtranjeraUniversidad Europea de Canarias
87%
Comunidad ValencianaPrivadaUniversidad Europea de Valencia
87%
Comunidad ValencianaPúblicaUniversidad de Valencia
83%
CantabriaPúblicaUniversidad de Cantabria
80%
MadridPública-AdscritaInstituto Universitario de Administración de Empresas (IADE) (Adscrita a UAM)
78%
NavarraPrivada-AdscritaISSA - School of Applied Management (Adscrito a UNAV)
78%
AndalucíaPúblicaUniversidad de Cádiz
76%
Comunidad ValencianaPúblicaUniversidad Politécnica de Valencia
76%
CataluñaPública-AdscritaBarcelona School of Economics (Adscrito a UAB/UPF)
74%
Castilla y LeónPública-AdscritaEscuela Aeronáutica Adventia (European College of Aeronautics) (Adscrita a USAL)
74%
Castilla y LeónPrivadaIE Universidad
74%
MadridPúblicaUniversidad Complutense de Madrid
74%
AndalucíaPúblicaUniversidad de Málaga
74%
CataluñaPública-AdscritaCentro Universitario EAE (Adscrito a UDL/UPC)
72%
CataluñaPrivada-AdscritaEADA. Escuela de Alta Dirección y Administración (Adscrita a UOC)
72%
Castilla y LeónPúblicaUniversidad de Salamanca
72%
Castilla y LeónPrivada-CatólicaUniversidad Pontificia de Salamanca
72%
AragónPúblicaUniversidad de Zaragoza
70%
MadridPrivada-AdscritaEAE Business School (Adscrita a URJC)
67%
CataluñaPública-AdscritaEscuela Universitaria de Turismo EUROAULA (Adscrito a UdeG/UDL)
67%
CataluñaPúblicaUniversidad Autónoma de Barcelona
67%
CanariasPúblicaUniversidad de La Laguna
67%
AragónPública-Ministerio de DefensaAcademia General Militar de Zaragoza
65%
BalearesPública-AdscritaEscuela Universitaria ADEMA (Adscrita a UIB)
65%
MadridPública-AdscritaInstituto de Investigaciones Biomédicas Alberto Sols (IIB) (Adscrita a UAM)
65%
MadridPública-AdscritaInstituto Universitario de Ciencias de la Educación (IUCE) (Adscrita a UAM)
65%
MadridPúblicaUniversidad Autónoma de Madrid
65%
AndalucíaPúblicaUniversidad de Almería
65%
AndalucíaPúblicaUniversidad de Córdoba
65%
AndalucíaPúblicaUniversidad de Granada
65%
BalearesPúblicaUniversidad de les Illes Balears
65%
GaliciaPrivadaUniversidad Intercontinental de la Empresa
65%
MadridPrivadaUniversidad Internacional de la Empresa
65%
CataluñaPública-AdscritaCentro Universitario Euncet (Adscrito a UPC)
63%
MadridPrivadaESIC Universidad
63%
Comunidad ValencianaPrivada-CatólicaUniversidad Católica de Valencia San Vicente Mártir
63%
AndalucíaPúblicaUniversidad de Huelva
63%
CataluñaPúblicaUniversidad Politécnica de Cataluña
63%
MadridPrivada-CatólicaUniversidad Pontificia Comillas
63%
MadridPúblicaUniversidad Rey Juan Carlos
63%
AndalucíaPúblicaUniversidad de Jaen
61%
País VascoPúblicaUniversidad del País Vasco
61%
Castilla y LeónPúblicaUniversidad de Valladolid
61%
MadridPúblicaUniversidad Politécnica de Madrid
61%
CataluñaPrivada-AdscritaEscuela Superior de Administración y Dirección de Empresas ESADE (Adscrita a URL)
59%
ExtremaduraPúblicaUniversidad de Extremadura
59%
AsturiasPúblicaUniversidad de Oviedo
59%
GaliciaPúblicaUniversidad de Vigo
59%
Comunidad ValencianaPúblicaUniversidad Jaume I de Castellón
59%
MadridPrivada-CatólicaUniversidad San Pablo-CEU
59%
País VascoPrivada-ExtanjeraDigiPen Institute of Technology Europe-Bilbao, S.L
57%
AndalucíaPrivada-ExtranjeraEscuela Autónoma de Dirección de Empresas (EADE)
57%
NavarraPrivada-AdscritaInstituto Cultura y Sociedad / Institute for Culture and Society (ICS) (Adscrito a UNAV)
57%
Comunidad ValencianaPrivada-CatólicaUniversidad Cardenal Herrera-CEU
57%
MadridPúblicaUniversidad Carlos III de Madrid
57%
GaliciaPúblicaUniversidad de A Coruña
57%
CanariasPúblicaUniversidad de Las Palmas de Gran Canaria
57%
CataluñaPública-AdscritaENTI - Escuela de Nuevas Tecnologías Interactivas (Adscrito a UB)
54%
CataluñaPública-AdscritaEscuela Universitaria de Turismo CETA (Adscrito a UdeG)
54%
CataluñaPública-AdscritaEscuela Universitaria Formatic Barcelona (Adscrito a UdeG)
54%
Castilla La ManchaPúblicaUniversidad de Castilla-La Mancha
54%
Castilla y LeónPúblicaUniversidad de León
54%
NavarraPrivada-CatólicaUniversidad de Navarra
54%
La RiojaPrivadaUniversidad Internacional de La Rioja
54%
NavarraPúblicaUniversidad Pública de Navarra
54%
Comunidad ValencianaPrivada-ExtranjeraCentro Berklee-Valencia
52%
Castilla y LeónPública-AdscritaCentro de Innovación y Tecnlogía en Videojuegos y Comunicación Audiovisual (ITACA) (Adscrita a UBU)
52%
Castilla y LeónPública-Ministerio del InteriorCentro Universitario de Formación de la Policía Nacional, O.A.
52%
Comunidad ValencianaPública-AdscritaEscuela Superior de Técnicas Empresariales Aplicadas (ESTEMA) (Adscrita a UMH)
52%
MadridPública-Ministerio de DefensaEscuela Técnica Superior de Ingenieros de Armas Navales
52%
CataluñaPública-AdscritaEscuela Universitaria del Deporte y la Salud (EUSES) (Adscrito a UdeG)
52%
CataluñaPública-AdscritaEscuela Universitaria (ERAM) (Adscrito a UdeG)
52%
CataluñaPública-AdscritaEscuela Universitaria Mediterráneo (Adscrito a UdeG)
52%
CataluñaPública-AdscritaQstura, Escuela de Diseño, Patronaje y Confección (Adscrito a UdeG)
52%
Castilla y LeónPúblicaUniversidad de Burgos
52%
CataluñaPúblicaUniversidad de Girona
52%
La RiojaPúblicaUniversidad de La Rioja
52%
CataluñaPrivada-CatólicaUniversidad Abat Oliva CEU
50%
AndalucíaPrivada-CatólicaUniversidad CEU Fernando III
50%
MurciaPúblicaUniversidad Politécnica de Cartagena
50%
MadridPública-Ministerio de DefensaEscuela Politécnica Superior del Ejército
48%
GaliciaPúblicaUniversidad de Santiago de Compostela
48%
MadridPrivada-CatólicaUniversidad Francisco de Vitoria
48%
Comunidad ValencianaPúblicaUniversidad Miguel Hernández de Elche
48%
MurciaPrivada-CatólicaUniversidad Católica San Antonio
46%
Castilla y LeónPrivada-CatólicaUniversidad Católica Santa Teresa de Jesús de Ávila
46%
CataluñaPúblicaUniversidad de Lleida
46%
Castilla y LeónPrivadaUniversidad Internacional Isabel I de Castilla
46%
AndalucíaPrivada-JesuitaUniversidad Loyola Andalucía
46%
CataluñaPrivada-AdscritaEscuela Universitaria de Turismo ESERP (Adscrito a UVic)
41%
Castilla y LeónPrivadaUniversidad Europea Miguel de Cervantes
41%
AndalucíaPúblicaUniversidad Pablo de Olavide
41%
País VascoPública-ExtranjeraCentro San Luis de Bilbao
39%
MadridPrivada-ExtranjeraThe College for International Studies (CIS)
39%
CantabriaPrivadaUniversidad Europea del Atlántico
39%
MadridPúblicaUniversidad Nacional de Educación a Distancia
39%
CataluñaPrivada pero con participación públicaUniversidad Oberta de Cataluña
39%
CataluñaPúblicaUniversidad Pompeu Fabra
39%
CataluñaPrivada-AdscritaEADA. Escuela de Alta Dirección y Administración (Adscrito a UVic)
37%
CataluñaPrivada-ExtranjeraEuropean College - EC Business School
37%
MadridPrivadaUniversidad Alfonso X El Sabio
37%
CataluñaPrivadaUniversidad de Vic - Universidad Central de Cataluña
37%
País VascoPrivadaUniversidad Euneiz
37%
MadridPúblicaUniversidad de Alcalá
35%
CanariasPrivada-ExtranjeraUniversidad Fernando Pessoa-Canarias
35%
MadridPrivada-ExtranjeraAsociación ESCP Europe España
33%
MadridPrivadaUniversidad Europea de Madrid
33%
AndalucíaPrivadaUniversidad Tecnológica Atlántico-Mediterráneo
33%
MadridPrivada-CatólicaUniversidad Eclesiástica San Dámaso
30%
CataluñaPrivada-CatólicaUniversidad Internacional de Cataluña
30%
MadridPrivada-AdscritaESNE-Escuela Universitaria de Diseño (Adscrita a UCJC)
28%
AndalucíaPúblicaUniversidad Internacional de Andalucía
26%
MadridPrivadaUniversidad Camilo José Cela
24%
País VascoPrivada-JesuitaUniversidad de Deusto
24%
MadridPrivada-ExtranjeraUniversidad Francisco Marroquín
24%
CataluñaPrivada-AdscritaCentro de Estudios Superiores de Aviación CESDA (Adscrita a URV)
22%
País VascoPública-ExtranjeraEscuela Profesional Comarcal Lea-Artibai
22%
CataluñaPúblicaUniversidad Rovira i Virgili
22%
AndalucíaPrivada-ExtranjeraMarbella International Studies Center, S.L.
20%
MadridPrivadaUniversidad Antonio de Nebrija
20%
Comunidad ValencianaPrivadaUniversidad Internacional Valenciana
20%
MadridPública-Ministerio del InteriorAcademia de Oficiales de la Guardia Civil
17%
MadridPrivadaCUNEF Universidad
17%
CataluñaPrivada-AdscritaEscuela Superior de Diseño ESDI (Adscrita a URL)
17%
CataluñaPrivada-AdscritaEscuela Superior La Salle (Adscrita a URL)
17%
MadridPúblicaUniversidad Internacional Menéndez Pelayo
17%
MadridPrivada-ExtranjeraSchiller International Univesity
15%
MadridPrivadaUniversidad Internacional Villanueva
15%
CataluñaPrivada-CatólicaUniversidad Ramón Llull
15%
MadridPrivadaUDIT - Universidad de Diseño y Tecnología
13%
MadridPrivadaUniversidad de Diseño, Innovación y Tecnología (UDIT)
13%
CataluñaPrivada-ExtranjeraEDU España Deutschland University Studies
11%
País VascoPrivadaMondragon Unibertsitatea
11%
CataluñaPrivada-ExtranjeraToulouse Business School – Barcelona (TBS Barcelona)
11%
AragónPrivada-CatólicaUniversidad San Jorge
11%
CanariasPrivadaUniversidad del Atlántico Medio
9%
MadridPrivadaUniversidad a Distancia de Madrid
7%
CantabriaPrivada-ExtranjeraEscuela Superior de Informática y Negocios, CESINE
4%
MadridPrivada-ExtranjeraSaint Louis University in Spain
4%
CanariasPrivadaUniversidad de las Hespérides
4%
MadridPrivada-ExtranjeraSuffolk University
0%

Distribución de puntuación

Porcentaje por número respondido

Porcentaje de gente con cada puntuación

Historial de tus puntuaciones

No has intentado esta prueba desde el último reinicio